| 000 | 00539nmm a2200133Ia 4500 | ||
|---|---|---|---|
| 008 | 251105s9999||||xx |||||||||||||||||und|| | ||
| 041 | _aspa | ||
| 100 | _aMontserrat Mota, Guillermo | ||
| 245 | 0 |
_aTécnicas de servicio de alimentos y bebidas en barra y mesa : _b Mise en place y servicio al cliente en establecimientos de restauración |
|
| 264 |
_a[Madrid, España] : _bIdeaspropias Editorial, _c[Fecha de publicación no identificada] |
||
| 300 | _a0 páginas | ||
| 856 | _uhttps://public.digitaliapublishing.com/a/87161 | ||
| 942 | _cCF | ||
| 999 |
_c101122 _d101122 |
||